000 00542nam a2200169Ia 4500
008 090201s9999 xx 000 0 und d
010 _aKPL-13304
040 _bमराठी
041 _aमराठी
082 _a20368
_b13304
100 _aसुमन भडभडे
245 _aइथे बहर बाग फुलला
_cसुमन भडभडे
260 _c2004
_bमंजू प्रकाशन
300 _a132
_bमोठा
600 _aइथे बहर बाग फुलला
942 _cBOOK
999 _c220146
_d220146